| 000 | 00667cam a2200253 4500 | ||
|---|---|---|---|
| 008 | 090401t1991 xxu||||| |||| 00| 0 eng d | ||
| 020 | _a0117102814 | ||
| 035 | _a(Sirsi) u21878 | ||
| 041 | _aeng | ||
| 050 | _a634.9 | ||
| 110 |
_aForestry Commission _9804 |
||
| 245 | _aForestry practice. | ||
| 250 | _a11th ed. | ||
| 260 |
_aLondon _bHMSO _c1991 |
||
| 300 | _av,239p. : ill. ; 20x21cm | ||
| 350 | _a14.95 | ||
| 490 |
_aForestry Commission Handbook _v6 |
||
| 520 | _aPreviously published as Forestry Commission Bulletin 14. | ||
| 650 | _aFORESTRY | ||
| 690 | _aRURAL PRACTICE | ||
| 700 |
_aHibberd, B.G. _xEditor |
||
| 942 | _n0 | ||
| 948 | _c04/03/1997 | ||
| 999 |
_c88082 _d88082 |
||